| 000 | 01178cam a22002531i 4500 | ||
|---|---|---|---|
| 003 | SA-RiAUC | ||
| 005 | 20250213092420.0 | ||
| 008 | 250201s1980 ku g f00000 ara c | ||
| 040 |
_aSA-RiAUC _bara _cSA-RiAUC _erda |
||
| 082 | 0 | 4 |
_a251.016 _qSA-RiAUC |
| 090 |
_a251.016 _b ك و ي |
||
| 110 | 1 |
_aالكويت. _bوزارة الأوقاف والشؤون الإسلامية _eمؤلف. |
|
| 245 | 1 | 0 |
_aفهرس مسلم الثبوت في أصول الفقه / _cمحب الله بن عبد الشكور. |
| 264 | 1 |
_aالكويت : _bوزارة الأوقاف والشؤون الإسلامية، _c1980 |
|
| 300 |
_a77 صفحة ؛ _c24 سم. |
||
| 336 |
_aنص _btxt _2rdacontent _3كتاب |
||
| 337 |
_aبدون وسيط _bn _2rdamedia |
||
| 338 |
_aمجلد _bnc _2rdacarrier |
||
| 490 | 0 |
_aأعمال موسوعية مساعدة ؛ _v2 |
|
| 650 | 7 |
_aأصول الفقه الإسلامي _vكشافات _2aucsh |
|
| 700 | 1 | 2 |
_iكشاف لـ (عمل) : _aالبهاري، محب الله بن عبد الشكور البهاري، _dتوفي 1119 هجري. _tمسلم الثبوت في أصول الفقه. |
| 942 |
_2ddc _cBOOK _n0 |
||
| 949 |
_aSA-JeALM _d250201 _umohamedma123 _n1 |
||
| 999 |
_c5910 _d5910 |
||